LEADER 01037nam a2200277 i 4500 001 991002584759707536 005 20020503170945.0 008 961009s1995 it ||| | ita 020 $a8822116208 035 $ab10385721-39ule_inst 035 $aEXGIL106418$9ExL 040 $aDip.to Filol. Ling. e Lett.$bita 082 0 $a808.007 100 1 $aCalzetti, Maria Teresa$0188321 245 10$aEducare alla scrittura :$bprocessi cognitivi e didattica /$ca cura di Maria Teresa Calzetti e Lidia Panzeri Donaggio 260 $a[Scandicci] :$bLa nuova Italia,$c[c1995] 300 $aXXI, 266 p. ;$c21 cm 490 0 $aDidattica viva ;$v242 650 4$aScrittura - Insegnamento 700 1 $aPanzeri Donaggio, Lidia 907 $a.b10385721$b21-02-17$c27-06-02 912 $a991002584759707536 945 $aLE008 FL.M. GL. D A 3$g1$iLE008N-10768$lle008$o-$pE0.00$q-$rn$sm $t0$u0$v0$w0$x0$y.i10450713$z27-06-02 996 $aEducare alla scrittura$9202374 997 $aUNISALENTO 998 $ale008$b01-01-96$cm$da $e-$fita$git $h0$i1 LEADER 00873nam a2200241 i 4500 001 991002135219707536 008 070213s1975 it f 001 0 ita d 035 $ab13481101-39ule_inst 040 $aDip.to Studi Giuridici$bita 080 $a346.45 100 1 $aNatoli, Ugo$0437606 245 12$aI contratti reali :$bappunti delle lezioni /$cUgo Natoli 260 $aMilano :$bGiuffrè,$c1975 300 $a171 p. ;$c26 cm. 500 $aSulla cop.: Volume stampato con sistema digitale 504 $aContiene bibliografia p. 161-163 650 4$aContratti reali 907 $a.b13481101$b02-04-14$c13-02-07 912 $a991002135219707536 945 $aLE027 346.45 NAT01.01$g1$i2027000127665$lle027$op$pE15.00$q-$rl$s- $t0$u0$v0$w0$x0$y.i14367749$z13-02-07 996 $aContratti reali$964858 997 $aUNISALENTO 998 $ale027$b13-02-07$cm$da $e-$fita$git $h2$i0